| 000 | 00936nam a2200253Ia 4500 | ||
|---|---|---|---|
| 003 | OSt | ||
| 005 | 20250612112607.0 | ||
| 008 | 191128s2001 ck er 000 f spa d | ||
| 020 | _a9588061830 | ||
| 040 |
_aCO-JMCR _cCO-JMCR |
||
| 041 | _aspa | ||
| 082 | 0 | 4 |
_aJ-N _bSIEc |
| 100 | 1 |
_aSierra i Fabra, Jordi, _eautor _98336 |
|
| 245 | 1 | 3 |
_aLas chicas de alambre / _cJordi Sierra i Fabra ; Editora, Marta Higueras Díez |
| 250 | _aPrimera edición | ||
| 260 |
_aBogotá : _bAlfaguara, _c2001 |
||
| 300 |
_a220 páginas ; _c 23 cm. |
||
| 490 | _aSerie roja | ||
| 500 | _aIncluye datos biográficos del autor en página [221] | ||
| 520 | _aJon Boix tiene veinticinco años y es periodista. Su nuevo reportaje trata de aclarar el misterio de una de las más famosas top models de la historia, desaparecida hace diez años. | ||
| 650 | 1 | 4 |
_aNovela juvenil _98337 |
| 700 |
_aHigueras Díez, Marta, _eeditora _98338 |
||
| 942 |
_2ddc _cBK |
||
| 999 |
_c4404 _d4404 |
||